| 000 | 00620nam a2200217 a 4500 | ||
|---|---|---|---|
| 005 | 20240419063950.0 | ||
| 008 | 081108s2000 mx r 000 0 spa d | ||
| 020 | _a9264161295 | ||
| 035 | _aUPN01000165672 | ||
| 049 | _aUNE | ||
| 080 | _a362.62 (7/8) =20 "1998" QUE. | ||
| 100 | 1 | _aQueisser, Monika | |
| 245 | 1 | 4 | _aThe Second-generation pension reforms in Latin America/ by Monika Queisser. |
| 260 | _aParis: OECD, 1998. | ||
| 300 | _a193 p.; 23 cm. il. | ||
| 440 | 0 | _aDevelopment Centre Studies | |
| 690 | _aPensiones | ||
| 690 |
_aSeguridad social _96797 |
||
| 690 | _aAmérica Latina | ||
| 905 | _aUNESCO | ||
| 999 |
_c137784 _d137784 |
||